书目信息 |
| 题名: |
概率统计
|
|
| 作者: | 高玉斌 主编 | |
| 分册: | ||
| 出版信息: | 北京 科学出版社 2007.01 |
|
| 页数: | 223页 | |
| 开本: | 24cm | |
| 丛书名: | 21世纪高等院校教材 | |
| 单 册: | ||
| 中图分类: | O21 | |
| 科图分类: | ||
| 主题词: | 数理统计 | |
| 电子资源: | ||
| ISBN: | 7-03-013635-7 | |
| 000 | 00595 nam 000229 | |
| 001 | 0100001923 | |
| 005 | 20070902124424.28 | |
| 010 | @a7-03-013635-7@dCNY18.00 | |
| 100 | @a20070806d2007 em y0chiy0121 ea | |
| 101 | @achi | |
| 102 | @aCN@b110000 | |
| 105 | @ay z 000yy | |
| 200 | 10 | @a概率统计@9gai lv tong ji@f高玉斌主编@Fgao yu bin zhu bian |
| 210 | @a北京@c科学出版社@d2007.01 | |
| 215 | @a223页@d24cm | |
| 225 | @a21世纪高等院校教材 | |
| 606 | @a数理统计 | |
| 690 | @aO21@v4 | |
| 701 | 0 | @a高玉斌@9gao yu bin@4主编 |
| 801 | @aCN@c20070902 | |
| 901 | @a000003 | |
| 905 | @dO21@eG200 | |
| 概率统计/高玉斌主编.-北京:科学出版社,2007.01 |
| 223页;24cm.-(21世纪高等院校教材) |
| ISBN 7-03-013635-7:CNY18.00 |
| ● |
| 相关链接 |
|
|
|
正题名:概率统计
索取号:O21/G200
 
预约/预借
| 序号 | 登录号 | 条形码 | 馆藏地/架位号 | 状态 | 备注 |
| 1 | 644115 | 206441153 | 自科库401/401自科库 46排2列4层/ [索取号:O21/G200] | 在馆 | |
| 2 | 644116 | 206441162 | 自科库401/401自科库 46排2列4层/ [索取号:O21/G200] | 在馆 | |
| 3 | 644117 | 206441171 | 自科库401/401自科库 46排2列4层/ [索取号:O21/G200] | 在馆 |